Les Alters volés par All for One dans My Hero Academia - Statistiques

Statistiques générales
  • Ce quiz a été pris 3 fois
  • Le résultat moyen est 3 sur 15
Statistiques - réponses
Alters volés par All For One % Correct
Lévitation
100%
Recherche
100%
Lance d'Os
33%
Méga-Muscles
33%
Ressort
33%
Activation forcée d'Alter
0%
Force Vitle
0%
Infrarouge
0%
Longévité
0%
Nombrilaser
0%
Projection
0%
Prolifération
0%
Renvoi d'Impact
0%
Rivets
0%
Téléportation
0%
Aucun quiz correspondant
Distribution des résultats
% des personnes avec chaque résultat
Percentile par nombre de réponses
Votre historique - résultats
Vous n’avez pas pris ce quiz